| 000 | 00000nas 2200000za 4500 |
| 001 | 9.811730 |
| 003 | CaOODSP |
| 005 | 20230224085113 |
| 007 | cr ||||||||||| |
| 008 | 160224c20139999onc x m ozzzzf0 |0eng|d |
| 040 | |aCaOODSP|beng |
| 041 | |aeng|afre |
| 043 | |an-cn--- |
| 086 | 1 |aFR4-PDF |
| 130 | 0 |aCanada treaty series. |
| 245 | 10|aTreaty series |h[electronic resource] = |bRecueil des traités / |cpublished by the Treaty Law Division. |
| 246 | 11|aRecueil des traités |
| 260 | |aOttawa : |bForeign Affairs, Trade and Development Canada, |c[2013?]- |
| 310 | |aIrregular |
| 520 | 3 |aContains treaties signed with foreign countries from 2013. Treaties in this series are published only after they are ratified. |
| 546 | |aText in English and French. |
| 710 | 1 |aCanada.|bForeign Affairs, Trade and Development Canada. |
| 776 | 0#|tRecueil des traités |w(CaOODSP)9.509229 |
| 780 | 00|tTreaty series |w(CaOODSP)9.500661 |
| 792 | |tTreaty series |efre|w(CaOODSP)9.811738 |